• 首页
  • 本馆介绍
  • 公告通知
  • 最新文献
  • 馆藏检索
  • 电子资源
  • 读者导购
  • 参考咨询
  • 我的图书馆
  • 登录
  • 详细信息显示
  • 放入我的书架
  • 预约/预借图书
  • 作者相关作品
  • 分类相关作品
  • 丛书相关作品
  • 出版社相关作品

书目信息

  • 表格格式
  • 工作单格式
  • 卡片格式
题名:
黑白摄影技术
    
 
作者: ;中国人民大学新闻系 编写
分册:  
出版信息: 北京   中国人民大学出版社  1980
页数: 154页
开本: 21cm
丛书名:
单 册:
中图分类: TB89
科图分类:
主题词: 黑白摄影-摄影技术 , 摄影技术-黑白摄影 , 摄影--应用
电子资源:
ISBN:
000 00747nam0 2200253 45
001 0180010002
005 20060427102028.50
010    @dCNY0.71
091    @aCN@b8011.1
100    @a19950622d1980 kemy0chiy0121 ea
101 0  @achi
102    @aCN@b110000
105    @ay z 000yy
200 10 @a黑白摄影技术@Ahei bai she ying ji shu@f中国人民大学新闻系编写@Fzhong guo ren min da xue xin wen xi bian xie
210    @a北京@c中国人民大学出版社@d1980
215    @a154页@d21cm
606    @a黑白摄影-摄影技术
606    @a摄影技术-黑白摄影
606 0  @a摄影@x应用
690    @aTB89@v3
711  0 @a中国人民大学新闻系@Azhong guo ren min da xue xin wen xi@4编写
801  2 @aCN@bNLC@c20060427
801  0 @aCN@bTSSF
905    @a10447@dTB89@e23
    
    黑白摄影技术/中国人民大学新闻系编写.-北京:中国人民大学出版社,1980
    154页;21cm
    
    
    ISBN :CNY0.71
    
●
相关链接 在E读中查询图书 在五车中查询图书 在当当中查询图书 在豆瓣中查询图书


正题名:黑白摄影技术     索取号:TB89/23         预约/预借

序号 登录号 条形码 馆藏地/架位号 状态 备注
1 0054000   001360011   密集书库/ [索取号:TB89/23] 在馆    
2 0054001   001359979   密集书库/ [索取号:TB89/23] 在馆    
3 0054002   001359933   密集书库/ [索取号:TB89/23] 在馆    
唐山师范学院图书馆 欢迎您!
大连网信软件有限公司© 版权所有